Técnicas de diagnóstico, intervención y evaluación social /

Estudio que plantea un acercamiento integral a la disciplina científica denominada trabajo social. Los autores abordan tópicos relacionadas con la profesión como su cientificidad, su ética y su desarrollo en el contexto español; con la metodología científica, los métodos y técnicas aplicadas en trab...

Descripción completa

Guardado en:
Detalles Bibliográficos
Autor principal: Fresno García, Miguel del (edición)
Formato: Libro
Idioma:Español
Publicado: Madrid, España : Universidad Nacional de Educación a Distancia, 2019, c2019
Temas:
Acceso en línea:Ver documento en línea
Etiquetas: Agrega una etiqueta
Sin etiquetas, Sé el primero en etiquetar este registro!

MARC

LEADER 00000nam^a2200000^a^4500
001 000429136
005 20260323182752.0
009 20260407173350.068
020 |a 978-84-362-7523-0 
037 |a Acervo ITESO - Biblioteca 
041 |a ESP 
082 |a 361. 3  |b FRE 
100 |a Fresno García, Miguel del  |e (edición) 
245 1 0 |a Técnicas de diagnóstico, intervención y evaluación social /  |c Ed. de M. del Fresno García. 
264 4 |a Madrid, España :  |b Universidad Nacional de Educación a Distancia,  |c 2019, c2019 
264 2 |a Cartagena, España :  |b Odilo [distribución],  |c 2021 
300 |a 1 libro electrónico en línea (1 v. sin paginación) 
300 |a 1 recurso en línea 
336 |a datos para computadora  |b cod  |2 rdacontenido 
337 |a computadora  |b c  |2 rdamedio 
338 |a recurso en línea  |b cr  |2 rdasoporte 
506 1 |a 2 licencias 
520 |a Estudio que plantea un acercamiento integral a la disciplina científica denominada trabajo social. Los autores abordan tópicos relacionadas con la profesión como su cientificidad, su ética y su desarrollo en el contexto español; con la metodología científica, los métodos y técnicas aplicadas en trabajo social; con las diversas situaciones sociales de evaluación e intervención social, así como su prospectiva. 
521 |a 2021 BO Doctorado Interinstitucional en Hábitat y Sustentabilidad 
649 |a XX 
650 |a Trabajadores Sociales 
650 |a Epistemología 
650 |a Intervención Social 
650 |a Trabajo Social -  |x Tema Principal 
650 |a Trabajo Social -  |z España -  |x Historia 
650 |a Trabajo Social -  |x Metodología 
650 |a Trabajo Social -  |x Prácticas Profesionales 
650 |a Etica Profesional 
650 |a Ciencias Sociales 
856 4 0 |u https://iteso-odilotk-es.ezproxy.iteso.mx/opac?id=01926523  |y Ver documento en línea 
910 |a Fondo General 
920 |a Electrónicos - Libros en Línea 
930 |a Plataforma Digital 
905 |a 205 
901 |a 429136-1  |b IT2  |c EBO  |i C175266  |u 20250521 
901 |a 429136-2  |b IT2  |c EBO  |i C175267  |u 20250521 
902 |a https://opac.biblio.iteso.mx/vufind/Record/000429136